000 00906nam a22002897a 4500
003 CHAP
005 20220329135750.0
008 971013s r 00010 d
010 _a41739
011 _a42711
035 _a46840
040 _cCHAP
090 _aR-66
100 0 0 _aFosberg, Francis Raymond.
_942664
245 _aPaleobatany of the oceanic Pacific Islands
500 _aSobretiro de : Geological Survey. Professional Paper. No. 260-II:1140, 1969
590 _aBATCH-UPD
_b10
_c20130110
_lUCH01
_h0045
590 _aBATCH-UPD
_b10
_c20130110
_lUCH01
_h2057
590 _aBATCH-UPD
_b10
_c20130410
_lUCH01
_h1410
590 _aBATCH-UPD
_b10
_c20130914
_lUCH01
_h1432
590 _aCONVERSION
_b10
_c20130109
_lUCH01
_h1323
650 1 4 _aPaleobotánica.
_984896
650 1 4 _aPaleobotánica
_xHawai.
_984898
901 _aBK
942 _cREIMP
949 _aR-66
_bBC
_cR
_d-106714
_eTS1
_i46840
_si
999 _c41739
_d41739